000 00552nam a2200217Ia 4500
008 101110s9999 xx 000 0 und d
041 _aENGLISH
082 _bJR5539
100 _aPatkar M.G.
245 _aBook-keeping & accountancy [Std-XII]
260 _c2007
_bPhadke Prakashan, Kolhapur
300 _a303
365 _b52
520 _aCommerce
546 _aENGLISH
630 _aBook-keeping & accountancy [Std-XII]
650 _aCommerce
655 _aCommerce
730 _aBook-keeping & accountancy [Std-XII]
942 _cBOOK
999 _c796334
_d796331